00289nam a2200085Ia 4500008004100000041000800041100002600049245007600075260005200151241105s9999 xx 000 0 und d aeng aBhandarkar Vaijayanti aRethinking of Central Park-Urban Park, Nashi City Breaking the Monotony bBNCA M.Arch. Landscape ArchitectureaPunec2019